000 00924nam a22001817a 4500
999 _c62832
_d62832
003 Ge_BSU
005 20250306105257.0
008 250306s1956 ge ||||| |||| 00| 0 geo d
041 _ageo
080 _a616.8 მ-68
100 _aმინდაძე, ალ.
_924463
245 _aნერვული სისტემის დაზიანებათა სიმპტომატოლოგია და ტოპიკური დიაგნოსტიკა :
_bმოკლე სახელმძღვანელო /
_c ალ. მინდაძე, აკ. ზოიძე.
264 _aთბილისი :
_bსაქმედგამი,
_c1956.
300 _a380 გვ. :
_b ილ. ;
_c26 სმ.
504 _aბიბლიოგრ.: გვ. 368-377.
653 _aნერვული სისტემის დაავადებები
942 _2udc
_cᲬᲘᲒᲜᲘ